LEADER 01107nam a2200277 i 4500 001 991002346079707536 005 20020507162903.0 008 001027s1998 it ||| | ita 020 $a8814068070 035 $ab1164395x-39ule_inst 035 $aLE02734964$9ExL 040 $aDip.to Studi Giuridici$bita 082 0 $a342.4506 084 $aAM-IV/E 100 1 $aGiangaspero, Paolo$0240611 245 13$aLe strutture di vertice della pubblica amministrazione :$bvincoli costituzionali e prospettive di riforma /$cPaolo Giangaspero 260 $aMilano :$bA. Giuffrè,$c1998 300 $aviii, 336 p. ;$c24 cm. 490 0 $aPubblicazioni della Facoltà di giurisprudenza della Università di Trieste ;$v43 650 4$aAmministrazione centrale - Riforma 907 $a.b1164395x$b01-03-17$c02-07-02 912 $a991002346079707536 945 $aLE027 AM-IV/E 16$g1$i2027000193196$lle027$o-$pE0.00$q-$rl$s- $t0$u0$v0$w0$x0$y.i11866810$z02-07-02 996 $aStrutture di vertice della pubblica amministrazione$9207675 997 $aUNISALENTO 998 $ale027$b01-01-00$cm$da $e-$fita$git $h3$i1 LEADER 03511nam1 22004331i 450 001 UON00287249 005 20250319105609.691 100 $a20070126d1955 |0itac50 ba 101 $apol 102 $aPL 105 $a|||| 1|||| 200 1 $aDziela$fAdam Mickiewicz 210 $aWarszawa$cCzytelnik$d1955 215 $a16 v.$d20 cm. 463 1$1001UON00527921$12001 $aˆ1: ‰Wiersze$fAdam Mickiewicz$1210 $aWarszawa$cSpoldzielnia Wydawnicza Czytelnik$d1955$1215 $a680 p.$d21 cm$v01 463 1$1001UON00287262$12001 $aPowiesci poetyckie$fAdam Mickiewicz$1205 $aWarszawa : Czytelnik$b1955$1210 $a290 p.$ctav. ; 20cm$1215 $aInd. op.: Grazyna$dKonrad Wallenrod$dGiaur$dKorybut [Autograf "Grazyny"].$v02 463 1$1001UON00287276$12001 $aUtwory dramatyczne$fAdam Mickiewicz$1205 $aWarszawa : Czytelnik$b1955$1210 $a537 p.$ctav. ; 20cm$1215 $aInd. op.: Dziady.$v03 463 1$1001UON00287280$12001 $aPan Tadeusz$fAdam Mickiewicz$1210 $aWarszawa$cCzytelnik$d1955$1215 $a473 p.$ctav.$d20cm.$v04 463 1$1001UON00287286$12001 $aPisma proza$eczesc 1. : Pisma filomatyczne, estetyczno-krytyczne, opowiadania$fAdam Mickiewicz$1210 $aWarszawa$cCzytelnik$d1955$1215 $a483 p.$ctav.$d20cm.$v05 463 1$1001UON00287288$12001 $aPisma proza. Czesc 1. : Ksiegi Narodu Polskiego i pielgrzymstwa polskiego ; pisma polityczne z lat 1832-1835$fAdam Mickiewicz$1210 $aWarszawa$cCzytelnik$d1955$1215 $a280 p.$ctav.$d20cm.$v06 463 1$1001UON00287291$12001 $aPisma proza. Czesc 3. : Pisma historyczne ; Wyklady lozanskie$fAdam Mickiewicz$1210 $aWarszawa$cCzytelnik$d1955$1215 $a334 p.$ctav.$d20cm.$v07 463 1$1001UON00287293$12001 $aLiteratura Slowianska$eKurs pierwszy polrocze 1. / Adam Mickiewicz ; przel. Leon Ploszewski$1210 $aWarszawa$cCzytelnik$d1955$1215 $a420 p.$ctav.$d20cm.$v08 463 1$1001UON00287296$12001 $aLiteratura Slowianska$eKurs pierwszy polrocze 2. / Adam Mickiewicz ; przel. Leon Ploszewski$1210 $aWarszawa$cCzytelnik$d1955$1215 $a270 p.$ctav.$d20cm.$v09 463 1$1001UON00287299$12001 $aLiteratura Slowianska$eKurs drugi$fAdam Mickiewicz$gprzel. Leon Ploszewski$1210 $aWarszawa$cCzytelnik$d1955$1215 $a500 p.$ctav.$d20cm.$v10 463 1$1001UON00287305$12001 $aLiteratura Slowianska$eKurs trzeci i czwarty$fAdam Mickiewicz$gprzel. Leon Ploszewski$1210 $aWarszawa$cCzytelnik$d1955$1215 $a627 p.$ctav.$d20cm.$v11 463 1$1001UON00287307$12001 $aTrybuna lodow$fAdam Mickiewicz$1210 $aWarszawa$cCzytelnik$d1955$1215 $a483 p.$ctav.$d20cm.$v12 463 1$1001UON00287310$12001 $aPisma rozne$fAdam Mickiewicz$1205 $aWarszawa : Czytelnik$b1955$1210 $a275 p.$ctav. ; 20cm$1215 $aInd. op.: Pisma religijno-filozoficzne$dPisma towianistyczne [et al.]$v13 463 1$1001UON00287311$12001 $aListy$eczesc 1. / Adam Mickiewicz$1210 $aWarszawa$cCzytelnik$d1955$1215 $a639 p.$ctav.$d20cm.$v14 463 1$1001UON00287313$12001 $aListy$eczesc 2. / Adam Mickiewicz$1210 $aWarszawa$cCzytelnik$d1955$1215 $a703 p.$ctav.$d20 cm.$v15 463 1$1001UON00287314$12001 $aListy$eczesc 3. / Adam Mickiewicz$1210 $aWarszawa$cCzytelnik$d1955$1215 $a750 p.$ctav.$d20 cm.$v16 620 $aPL$dWarszawa$3UONL000573 676 $a891.85$cLetteratura polacca$v21 700 1$aMickiewicz$bAdam$3UONV023600$0143464 712 $aCzytelnik$3UONV256601$4650 790 0$aMICIKAIWEIZHI$zMickiewicz, Adam$3UONV023602 801 $aIT$bSOL$c20250321$gRICA 912 $aUON00287249 996 $aDziela$91210057 997 $aUNIOR